Global occupancy costs (Record no. 110452)
[ view plain ]
| 000 -LEADER | |
|---|---|
| fixed length control field | 01580cad a22002775a 4500 |
| 001 - CONTROL NUMBER | |
| control field | L149275 |
| 008 - FIXED-LENGTH DATA ELEMENTS--GENERAL INFORMATION | |
| fixed length control field | 100215s2010 xxk f 000 0 eng d |
| 035 ## - SYSTEM CONTROL NUMBER | |
| System control number | (Sirsi) u149275 |
| 041 0# - LANGUAGE CODE | |
| Language code of text/sound track or separate title | eng |
| 050 04 - LIBRARY OF CONGRESS CALL NUMBER | |
| Classification number | 333.33 $2 18 |
| 100 1# - MAIN ENTRY--PERSONAL NAME | |
| Personal name | Woodford, Karine |
| 245 00 - TITLE STATEMENT | |
| Title | Global occupancy costs |
| Remainder of title | offices, cost savings to slowly reverse |
| 250 ## - EDITION STATEMENT | |
| Edition statement | 13th ed. |
| 260 ## - PUBLICATION, DISTRIBUTION, ETC. | |
| Place of publication, distribution, etc. | [S.l.] |
| Name of publisher, distributor, etc. | DTZ |
| Date of publication, distribution, etc. | 2010 |
| 490 #0 - SERIES STATEMENT | |
| Series statement | DTZ Research Global occupancy costs - offices |
| Volume/sequential designation | 2010 |
| 520 ## - SUMMARY, ETC. | |
| Summary, etc. | Surveys total office occupancy costs across 116 business districts in 47 countries and territories across the globe, ranking each location by annual costs per workstation. Global average occupancy costs per workstation declined by 4% last year. London's West End entered 2010 as the most expensive office location in our world ranking, followed by Tokyo, Washington D.C., Hong Kong and Geneva. Overall, global average costs are projected to show moderate annual growth of 1.7% to 2013 with London's West End remaining the most expensive location, with Hong Kong, Tokyo, Washington D.C. and Paris (CBD) rounding out the projected top five in 2013. |
| 590 ## - LOCAL NOTE (RLIN) | |
| Local note | KA NTK |
| 651 #4 - SUBJECT ADDED ENTRY--GEOGRAPHIC NAME | |
| Geographic name | International |
| 690 ## - LOCAL SUBJECT ADDED ENTRY--TOPICAL TERM (OCLC, RLIN) | |
| Topical term or geographic name as entry element | PROPERTY-COMMERCIAL PROPERTY-OFFICE PROPERTY-OFFICES |
| 690 ## - LOCAL SUBJECT ADDED ENTRY--TOPICAL TERM (OCLC, RLIN) | |
| Topical term or geographic name as entry element | PROPERTY-COMMERCIAL PROPERTY-COMMERCIAL PROPERTY MARKET |
| 700 1# - ADDED ENTRY--PERSONAL NAME | |
| Personal name | Kate Medlicott |
| 700 1# - ADDED ENTRY--PERSONAL NAME | |
| Personal name | Ben Burston |
| 700 1# - ADDED ENTRY--PERSONAL NAME | |
| Personal name | Kasia Sielewicz |
| 856 48 - ELECTRONIC LOCATION AND ACCESS | |
| Uniform Resource Identifier | <a href="https://www.dtz.com/StaticFiles/Research/DTZ%20Global%20Occupancy%20Costs%20Offices%202010.pdf">https://www.dtz.com/StaticFiles/Research/DTZ%20Global%20Occupancy%20Costs%20Offices%202010.pdf</a> |
| Public note | View the report free of charge at www.dtz.com... |
| 942 ## - ADDED ENTRY ELEMENTS (KOHA) | |
| Suppress in OPAC | 0 |
| Withdrawn status | Lost status | Source of classification or shelving scheme | Damaged status | Not for loan | Home library | Current library | Shelving location | Date acquired | Total Checkouts | Full call number | Barcode | Date last seen | Copy number | Price effective from | Koha item type |
|---|---|---|---|---|---|---|---|---|---|---|---|---|---|---|---|
| Dewey Decimal Classification | Virtual | Virtual | Online | 15/02/2010 | ONLINE PUBLICATION | 149275-2001 | 06/08/2019 | 1 | 06/08/2019 | Book |